00479nam a2200157Ia 450000500170000000800410001708200130005810000350007124500320010626000330013830000130017150000210018494200060020595200950021199900150030620250702023812.0240331s9999 xx 000 0 und d bPANa392 aPannyathissa thera Balummahara 0aCharithra warithra chakraya aColombobYama Vardhanac1992 a183 p ., aThe ritual cycle cL 001040708LaWERCLbWERCLcSSCd2024-03-31l0o 392 PANp3778r2024-03-31w2024-03-31yL c5068d5068